Riconosci lo Stato - Quiz n°59 - Statistics

Statistiche generali
  • Questo quiz è stato fatto 25 volte
  • Il punteggio medio è 11 su 12
Statistiche sulle risposte
Indizio Risposta % Corretto
Valuta Colón / Dollaro / Bitcoin
95%
Indipendenza dalla Spagna il 15 settembre 1821
95%
Presidente della Repubblica Nayib Bukele
95%
Iniziale della Capitale S
95%
Tasso di crescita 0,303%
91%
ISU 0,673
91%
Superficie 21.041 km²
91%
PIL (nominale) 24 640 milioni di $
91%
Popolazione 6.520.675 ab
91%
Forma di Governo Repubblica presidenziale
91%
Fuso Orario UTC-6
91%
Risposta El Salvador
86%
Nessun quiz corrispondente trovato
Distribuzione punteggi
Percentuale di utenti per punteggio
Percentile per numero di risposta
I tuoi punteggi nel tempo
Non hai fatto questo quiz